000 00406nam a2200157Ia 4500
008 100122s9999 xx 000 0 und d
082 _b59090
_a823.08
100 _aदेवधर ज्योत्स्ना
245 _aगजगे
250 _a2
260 _bशकुन प्रकाशन
_c1983
300 _a174
630 _aगजगे
730 _aगजगे
942 _cBOOK
999 _c434763
_d434760